| 000 | 00519nam a22001937a 4500 | ||
|---|---|---|---|
| 003 | CEME | ||
| 005 | 20210628203409.0 | ||
| 008 | 210121b xxu||||| |||| 00| 0 eng d | ||
| 020 | _a81-7808-451-1 | ||
| 040 | _cceme | ||
| 082 | _a629.892 CRA | ||
| 100 |
_aCraig, John .J _959165 |
||
| 245 | _aIntroduction to robotics 2nd ed, mechanics and control | ||
| 250 | _a2ND | ||
| 260 |
_aINDIA _bPEARSON EDUCATION ASIA _c2004 |
||
| 300 | _aXII,450P | ||
| 650 |
_aROBOTICS MECHANICS AND CONTROL _959166 |
||
| 942 |
_cBK _2ddc |
||
| 999 |
_c573479 _d573479 |
||